[Event "Aimchess Rapid KO"]
[Site "chess24.com INT"]
[Date "2022.10.19"]
[Round "2.14"]
[White "Duda, Jan-Krzysztof"]
[Black "Carlsen, Magnus"]
[Result "1-0"]
[WhiteTitle "GM"]
[BlackTitle "GM"]
[WhiteElo "2731"]
[BlackElo "2856"]
[WhiteFideId "1170546"]
[BlackFideId "1503014"]
[EventDate "2022.10.18"]
[EventType "k.o."]

1. d4 Nf6 2. c4 g6 3. Nc3 Bg7 4. e4 d6 5. Nf3 O-O 6. Be2 Nbd7 7. O-O e5 8. Be3
Re8 9. Qc2 h6 10. Rad1 Ng4 11. Bc1 c6 12. d5 c5 13. g3 Nf8 14. Nh4 h5 15. f3 Nh6
16. Be3 Nh7 17. Bd3 Ng5 18. Kh1 Nh3 19. a3 Kh7 20. b4 b6 21. Qd2 Ng8 22. Rb1 Bh6
23. Ne2 Bxe3 24. Qxe3 Nf6 25. Rb2 g5 26. Ng2 Kg7 27. Ng1 Nh7 28. f4 Bg4 29. Nxh3
Bxh3 30. bxc5 bxc5 31. fxg5 Rb8 32. Rxb8 Qxb8 33. Qf3 1-0

[Event "Aimchess Rapid KO"]
[Site "chess24.com INT"]
[Date "2022.10.19"]
[Round "2.14"]
[White "Mamedyarov, Shakhriyar"]
[Black "Rapport, Richard"]
[Result "1-0"]
[WhiteTitle "GM"]
[BlackTitle "GM"]
[WhiteElo "2747"]
[BlackElo "2754"]
[WhiteFideId "13401319"]
[BlackFideId "738590"]
[EventDate "2022.10.18"]
[EventType "k.o."]

1. d4 Nf6 2. c4 g6 3. g3 c6 4. Bg2 d5 5. Nf3 Bg7 6. O-O O-O 7. Nc3 dxc4 8. e4 a5
9. Qe2 b5 10. Rd1 Nbd7 11. Bf4 b4 12. Na4 Ba6 13. Qc2 Bb5 14. Nd2 Nb6 15. Nxb6
Qxb6 16. Nxc4 Qa6 17. Rac1 Rfd8 18. a4 bxa3 19. Nxa3 Rac8 20. h4 Be2 21. Rd2 Bg4
22. Qc4 Qb7 23. Qc5 Qb4 24. Qxb4 axb4 25. Nc4 Nd5 26. Bg5 f6 27. Ne3 fxg5 28.
Nxg4 Nb6 29. hxg5 Rxd4 30. Rdc2 b3 31. Rxc6 Rxc6 32. Rxc6 Nc4 33. Rc8+ Kf7 34.
Rb8 Nxb2 35. Rxb3 Nc4 36. Rb4 Rd1+ 37. Kh2 Ne5 38. Nxe5+ Bxe5 39. f4 Bg7 40. e5
h6 41. gxh6 Bxh6 42. Rb6 Rd4 43. Kh3 Bg7 44. Rb5 g5 45. f5 Bh8 46. Bd5+ Kg7 47.
f6+ exf6 48. e6 g4+ 49. Kg2 Rd2+ 50. Kf1 Rd1+ 51. Ke2 1-0

[Event "Aimchess Rapid KO"]
[Site "chess24.com INT"]
[Date "2022.10.19"]
[Round "2.21"]
[White "Rapport, Richard"]
[Black "Mamedyarov, Shakhriyar"]
[Result "0-1"]
[WhiteTitle "GM"]
[BlackTitle "GM"]
[WhiteElo "2754"]
[BlackElo "2747"]
[WhiteFideId "738590"]
[BlackFideId "13401319"]
[EventDate "2022.10.18"]
[EventType "k.o."]

1. e4 e5 2. Nf3 Nc6 3. Bc4 Bc5 4. c3 Nf6 5. d3 O-O 6. Nbd2 a5 7. O-O d6 8. h3
Be6 9. Bb5 Ba7 10. Re1 Ne7 11. d4 Ng6 12. Nf1 c6 13. Bd3 a4 14. Ng3 b5 15. Be3
Qc7 16. Qc2 Rab8 17. b4 axb3 18. axb3 c5 19. d5 Bd7 20. c4 bxc4 21. bxc4 Bb6 22.
Ra2 Ra8 23. Bg5 Rxa2 24. Qxa2 Ne8 25. Rb1 Ba5 26. Rb3 h6 27. Be3 Bb4 28. Nh5 f5
29. exf5 Bxf5 30. Qb1 Ne7 31. Bd2 Bxd3 32. Qxd3 Bxd2 33. Nxd2 Nf5 34. Qb1 Qf7
35. Rf3 Qxh5 36. g4 Qg5 37. Rxf5 Qxd2 38. Rxf8+ Kxf8 39. Qf5+ Nf6 0-1

[Event "Aimchess Rapid KO"]
[Site "chess24.com INT"]
[Date "2022.10.19"]
[Round "2.22"]
[White "Mamedyarov, Shakhriyar"]
[Black "Rapport, Richard"]
[Result "1/2-1/2"]
[WhiteTitle "GM"]
[BlackTitle "GM"]
[WhiteElo "2747"]
[BlackElo "2754"]
[WhiteFideId "13401319"]
[BlackFideId "738590"]
[EventDate "2022.10.18"]
[EventType "k.o."]

1. d4 g6 2. c4 Bg7 3. Nc3 c5 4. d5 Bxc3+ 5. bxc3 f5 6. f3 Nf6 7. e4 fxe4 8. fxe4
e5 9. dxe6 Nxe4 10. Qd5 Nf6 11. exd7+ Bxd7 12. Qxc5 Na6 13. Qd4 Qe7+ 14. Qe3 Ne4
15. Bd3 Nac5 16. Bxe4 Nxe4 17. Ba3 Qxa3 18. Qxe4+ Kd8 19. Ne2 Re8 20. Qd3 Kc7
21. O-O Bf5 22. Qg3+ Qd6 23. Qxd6+ Kxd6 24. Nd4 Be4 25. Nb5+ Kc5 26. Nc7 Kxc4
27. Rae1 Rac8 28. Nxe8 Rxe8 29. Rf4 Kd3 30. Kf2 Bc6 31. Rxe8 Bxe8 32. Rf3+ Kc2
33. c4 Bc6 34. Re3 Kb2 35. a3 a5 36. c5 a4 37. g3 Bd5 38. Ke2 Bb3 39. Kd2 Kxa3
40. Kc3 h5 41. h3 Bd5 42. Kd4+ Bb3 43. Kc3 Bf7 44. g4 hxg4 45. hxg4 Bd5 46. g5
Bc6 47. Re1 Ka2 48. Re2+ Ka3 49. Re1 Ka2 50. Re2+ Ka3 51. Re1 1/2-1/2

[Event "Aimchess Rapid KO"]
[Site "chess24.com INT"]
[Date "2022.10.20"]
[Round "3.11"]
[White "Mamedyarov, Shakhriyar"]
[Black "Duda, Jan-Krzysztof"]
[Result "1/2-1/2"]
[WhiteTitle "GM"]
[BlackTitle "GM"]
[WhiteElo "2747"]
[BlackElo "2731"]
[WhiteFideId "13401319"]
[BlackFideId "1170546"]
[EventDate "2022.10.18"]
[EventType "k.o."]

1. d4 Nf6 2. c4 e6 3. Nc3 Bb4 4. Qc2 d5 5. a3 Bxc3+ 6. Qxc3 O-O 7. Nf3 dxc4 8.
Qxc4 b6 9. Bg5 Bb7 10. Ne5 Qd6 11. e3 c5 12. Bxf6 gxf6 13. Nf3 cxd4 14. Qxd4
Qxd4 15. Nxd4 Nc6 16. Nxc6 Bxc6 17. f3 Rfd8 18. Be2 Ba4 19. Bd1 Bb5 20. Be2 Ba4
21. Bd1 Bb5 22. Be2 Ba4 1/2-1/2

[Event "Aimchess Rapid KO"]
[Site "chess24.com INT"]
[Date "2022.10.20"]
[Round "3.12"]
[White "Duda, Jan-Krzysztof"]
[Black "Mamedyarov, Shakhriyar"]
[Result "1-0"]
[WhiteTitle "GM"]
[BlackTitle "GM"]
[WhiteElo "2731"]
[BlackElo "2747"]
[WhiteFideId "1170546"]
[BlackFideId "13401319"]
[EventDate "2022.10.18"]
[EventType "k.o."]

1. Nf3 d5 2. c4 dxc4 3. e3 Nf6 4. Bxc4 e6 5. b3 c5 6. Bb2 a6 7. Ne5 Nbd7 8. f4
g6 9. a4 Bg7 10. O-O O-O 11. a5 Nd5 12. Nd3 Bxb2 13. Nxb2 b5 14. axb6 N7xb6 15.
Be2 Bb7 16. Na3 Nb4 17. Qc1 Qe7 18. Nac4 Nxc4 19. Nxc4 Rfd8 20. Qc3 Rac8 21. Rf2
f6 22. h4 Be4 23. g4 Qg7 24. g5 f5 25. Ne5 Nc6 26. Rxa6 Nxe5 27. Qxe5 Qxe5 28.
fxe5 Rxd2 29. Bc4 Rd1+ 30. Rf1 Rd2 31. Bxe6+ Kh8 32. Rfa1 Rg2+ 33. Kf1 Rf8 34.
Bc4 Rh2 35. e6 f4 36. e7 Re8 37. exf4 Kg7 38. Ra7 Rxh4 39. Kf2 Rxf4+ 40. Ke3 1-0

[Event "Aimchess Rapid KO"]
[Site "chess24.com INT"]
[Date "2022.10.20"]
[Round "3.13"]
[White "Mamedyarov, Shakhriyar"]
[Black "Duda, Jan-Krzysztof"]
[Result "1/2-1/2"]
[WhiteTitle "GM"]
[BlackTitle "GM"]
[WhiteElo "2747"]
[BlackElo "2731"]
[WhiteFideId "13401319"]
[BlackFideId "1170546"]
[EventDate "2022.10.18"]
[EventType "k.o."]

1. d4 Nf6 2. c4 e6 3. Nc3 Bb4 4. Qc2 d5 5. cxd5 exd5 6. Bf4 O-O 7. e3 c5 8. dxc5
Nc6 9. Nf3 Bxc5 10. O-O-O Be6 11. Ng5 Nb4 12. Nxe6 fxe6 13. Qb3 Rc8 14. Kb1 Kh8
15. Be2 Qe7 16. h4 a6 17. h5 h6 18. a3 Nc6 19. g4 d4 20. Na4 Ba7 21. g5 hxg5 22.
Bxg5 b5 23. h6 g6 24. Rc1 Qf7 25. Nc5 Bxc5 26. Bxf6+ Qxf6 27. Rxc5 Na5 28. Qc2
Rxc5 29. Qxc5 Qf5+ 30. Qxf5 Rxf5 31. exd4 Rxf2 32. Bd3 Nc4 33. Bc2 Rg2 34. Kc1
Kh7 35. Re1 Kxh6 36. b3 Nxa3 37. Bd3 Rg4 38. Rxe6 Rxd4 39. Rxg6+ Kh5 40. Rxa6
Rxd3 41. Rxa3 b4 42. Ra5+ Kg6 43. Kc2 Rc3+ 44. Kb2 Rf3 45. Rb5 Rf4 46. Kc2 Kf6
47. Kd3 Ke6 48. Rh5 Kd6 49. Rh6+ Kc5 50. Rh5+ Kc6 51. Rh6+ Kc5 52. Rh5+ Kc6 53.
Rh6+ Kc5 1/2-1/2

[Event "Aimchess Rapid KO"]
[Site "chess24.com INT"]
[Date "2022.10.20"]
[Round "3.14"]
[White "Duda, Jan-Krzysztof"]
[Black "Mamedyarov, Shakhriyar"]
[Result "1-0"]
[WhiteTitle "GM"]
[BlackTitle "GM"]
[WhiteElo "2731"]
[BlackElo "2747"]
[WhiteFideId "1170546"]
[BlackFideId "13401319"]
[EventDate "2022.10.18"]
[EventType "k.o."]

1. d4 Nf6 2. Nf3 c5 3. d5 b5 4. Bg5 d6 5. Bxf6 exf6 6. e3 a6 7. a4 b4 8. Nbd2 f5
9. a5 g6 10. Nc4 Bg7 11. Ra2 O-O 12. g3 Ra7 13. Bg2 Re7 14. O-O Qc7 15. Qd3 Nd7
16. Nfd2 h5 17. h4 Nf6 18. Nb6 Bb7 19. c3 bxc3 20. bxc3 Rfe8 21. Rb1 Ng4 22.
Nbc4 Qd8 23. Rb6 Rd7 24. Nxd6 Rxd6 25. Rxb7 f4 26. exf4 Re1+ 27. Nf1 Qe8 28.
Rab2 Kh7 29. R7b6 Rd8 30. Rxa6 Qa4 31. Ra7 Qa1 32. Rab7 c4 33. Qxc4 Qxa5 34.
Rxf7 Kh6 35. Rbb7 1-0

[Event "Aimchess Rapid KO"]
[Site "chess24.com INT"]
[Date "2022.10.21"]
[Round "3.21"]
[White "Duda, Jan-Krzysztof"]
[Black "Mamedyarov, Shakhriyar"]
[Result "0-1"]
[WhiteTitle "GM"]
[BlackTitle "GM"]
[WhiteElo "2731"]
[BlackElo "2747"]
[WhiteFideId "1170546"]
[BlackFideId "13401319"]
[EventDate "2022.10.18"]
[EventType "k.o."]

1. Nf3 d5 2. d4 Nf6 3. c4 dxc4 4. e3 e6 5. Bxc4 c5 6. O-O a6 7. b3 b5 8. Be2 Bb7
9. Bb2 Nbd7 10. a4 b4 11. Nbd2 Be7 12. Rc1 Rc8 13. Nc4 O-O 14. Nfe5 cxd4 15.
Nxd7 Nxd7 16. Bxd4 Bd5 17. Qd3 Nc5 18. Qb1 Ne4 19. Rfd1 Bf6 20. Bf3 Nc3 21. Bxc3
bxc3 22. e4 Bxc4 23. Rxd8 Rfxd8 24. bxc4 Rb8 25. Qa1 Rb2 26. e5 Bxe5 27. Qa3 g6
28. g3 Rdd2 29. Rxc3 Ra2 30. Qb4 Bd4 31. c5 Bxf2+ 32. Kf1 Ra1+ 33. Rc1 Rxc1+ 34.
Kg2 Be1+ 0-1

[Event "Aimchess Rapid KO"]
[Site "chess24.com INT"]
[Date "2022.10.21"]
[Round "3.22"]
[White "Mamedyarov, Shakhriyar"]
[Black "Duda, Jan-Krzysztof"]
[Result "1-0"]
[WhiteTitle "GM"]
[BlackTitle "GM"]
[WhiteElo "2747"]
[BlackElo "2731"]
[WhiteFideId "13401319"]
[BlackFideId "1170546"]
[EventDate "2022.10.18"]
[EventType "k.o."]

1. d4 d5 2. c4 e6 3. Nf3 Nf6 4. Nc3 Bb4 5. Bg5 dxc4 6. e4 b5 7. a4 c5 8. axb5
cxd4 9. Bxf6 gxf6 10. Nxd4 Bb7 11. Bxc4 Qc7 12. Qb3 Bc5 13. Nxe6 fxe6 14. Bxe6
Nd7 15. O-O Rd8 16. Nd5 Qe5 17. Kh1 Kf8 18. Qh3 f5 19. Qh4 Qxe6 20. Qxd8+ Kg7
21. Nf4 Qf7 22. Qg5+ Kf8 23. exf5 Rg8 24. Qh6+ Ke8 25. Rfe1+ Kd8 26. f3 Qxf5 27.
Rac1 Nf8 28. b6 axb6 29. b4 Rxg2 30. Nxg2 Qxf3 31. Qd2+ 1-0

[Event "Aimchess Rapid KO"]
[Site "chess24.com INT"]
[Date "2022.10.21"]
[Round "3.31"]
[White "Mamedyarov, Shakhriyar"]
[Black "Duda, Jan-Krzysztof"]
[Result "0-1"]
[WhiteTitle "GM"]
[BlackTitle "GM"]
[WhiteElo "2747"]
[BlackElo "2731"]
[WhiteFideId "13401319"]
[BlackFideId "1170546"]
[EventDate "2022.10.18"]
[EventType "k.o."]

1. d4 Nf6 2. c4 e6 3. Nf3 d5 4. Nc3 Bb4 5. Bg5 dxc4 6. e4 c5 7. Bxc4 cxd4 8.
Nxd4 Qa5 9. Bxf6 Bxc3+ 10. bxc3 Qxc3+ 11. Kf1 gxf6 12. Bb5+ Ke7 13. Rc1 Qa5 14.
g3 Bd7 15. Rb1 Rd8 16. Qh5 Qb6 17. Nf3 Bc6 18. Kg2 Bxe4 19. Be8 Bg6 0-1

[Event "Aimchess Rapid KO"]
[Site "chess24.com INT"]
[Date "2022.10.21"]
[Round "3.32"]
[White "Duda, Jan-Krzysztof"]
[Black "Mamedyarov, Shakhriyar"]
[Result "1-0"]
[WhiteTitle "GM"]
[BlackTitle "GM"]
[WhiteElo "2731"]
[BlackElo "2747"]
[WhiteFideId "1170546"]
[BlackFideId "13401319"]
[EventDate "2022.10.18"]
[EventType "k.o."]

1. Nf3 c5 2. c4 g6 3. g3 Bg7 4. Bg2 Nc6 5. Nc3 Nh6 6. d3 O-O 7. O-O d6 8. a3 a6
9. Rb1 Rb8 10. b4 Nf5 11. Bd2 cxb4 12. axb4 b5 13. cxb5 axb5 14. e3 d5 15. Qe2
e6 16. Rfc1 Bd7 17. Rc2 Re8 18. Na2 Ra8 19. Nc1 Bf8 20. d4 Nd6 21. Be1 Nc4 22.
Ra2 Ra4 23. Nd3 Qc7 24. Nc5 Bxc5 25. dxc5 Rea8 26. Rxa4 Rxa4 27. Nd4 Qb7 28. Qd1
e5 29. Ne2 Bf5 30. Rc1 Be4 31. Bxe4 dxe4 32. Rxc4 1-0